India Goes Global : Its Expanding Role in the Global Economy /

In the past few years, India has emerged as a global economic power. It is one of the world's fastest-growing economies, the leading outsourcing destination, and a favorite of international investors. But even with India's impressive recent achievements, the country continues to face consi...

Descripción completa

Detalles Bibliográficos
Autor principal: Purfield, Catriona
Otros Autores: Schiff, Jerald
Formato: Revista
Lenguaje:English
Publicado: Washington, D.C. : International Monetary Fund, 2006.
Acceso en línea:Full text available on IMF
LEADER 01625cas a2200205 a 4500
001 AALejournalIMF014292
008 230101c9999 xx r poo 0 0eng d
020 |z 9781589065680 
040 |a BD-DhAAL  |c BD-DhAAL 
100 1 |a Purfield, Catriona. 
245 1 0 |a India Goes Global :   |b Its Expanding Role in the Global Economy /  |c Catriona Purfield, Jerald Schiff. 
264 1 |a Washington, D.C. :  |b International Monetary Fund,  |c 2006. 
300 |a 1 online resource (204 pages) 
500 |a <strong>Off-Campus Access:</strong> No User ID or Password Required 
500 |a <strong>On-Campus Access:</strong> No User ID or Password Required 
506 |a Electronic access restricted to authorized BRAC University faculty, staff and students 
520 3 |a In the past few years, India has emerged as a global economic power. It is one of the world's fastest-growing economies, the leading outsourcing destination, and a favorite of international investors. But even with India's impressive recent achievements, the country continues to face considerable challenges as it seeks to sustain rapid growth and extend the benefits to all its citizens. Is India entering into a "Golden Age" or experiencing a period of rapid but ultimately unsustainable growth? The studies in this book examine in detail what lies behind India's recent economic rise and considers the steps needed to build on this success over the medium term. 
538 |a Mode of access: Internet 
700 1 |a Schiff, Jerald. 
856 4 0 |z Full text available on IMF  |u http://elibrary.imf.org/view/books/071/03497-9781589065680-en/03497-9781589065680-en-book.xml  |z IMF e-Library